000 00878nam a22002657a 4500
003 BJBSDDR
005 20260507123940.0
007 ta
008 260218s2020 sp ||||| |||| 00| 0 spa d
020 _a9788437641942
020 _a8437641942
040 _bspa
_cBJBSDDR
041 _aspa
050 1 4 _aJC 423
_bP428p 2020
100 1 _aPerceval, José María,
_d1955-
_947127
245 1 3 _aEl populismo :
_bcómo las multitudes han sido temidas, manipuladas y seducidas /
_cJosé María Perceval
260 _aMadrid :
_bCátedra,
_c2020
300 _a331 páginas :
_bilustraciones (blanco y negro) ;
_c20 cm.
490 1 _aColección La historia de..,
_v18
504 _aIncluye referencias bibliográficas (páginas 315-331).
650 4 _aPopulismo
_xHistoria
_94179
_ySiglo XXI
830 0 _aLa historia de...,
_948340
_v18
942 _2lcc
_cBK
946 _icmc
999 _c126418
_d126418